| 000 | 00600nam a2200181 4500 | ||
|---|---|---|---|
| 001 | 138380 | ||
| 003 | ES-MaACL | ||
| 005 | 20230906195544.0 | ||
| 007 | t| | ||
| 008 | 070214s1951 sp r ||||1| spa d | ||
| 100 | 1 |
_aSand, Henry J. S. _9103062 |
|
| 245 | 1 | 0 |
_aElectroquímica y análisis electroquímico / _cHenry J. S. Sand ; traducción del inglés por Carlos Velasco y Fernando Velasco. |
| 260 |
_aMadrid : _bAguilar, _c1951. |
||
| 300 |
_aXVI, 386 p. : _bil. ; _c22 cm. |
||
| 700 | 1 |
_aVelasco, Carlos. _9113711 |
|
| 700 | 1 |
_aVelasco, Fernando. _9113719 |
|
| 852 |
_aES-MaACL _jD-5341 _bR.31469 |
||
| 999 |
_c138380 _d138380 |
||